000 00589cam a22002053a 4500
001 40849
003 PGUSA
005 20140828083919.0
008 120923s2012||||xxu|||||s|||||000 | eng d
040 _aPGUSA
_beng
042 _adc
100 1 _aTeetgen, Alexander
245 1 0 _aBeethoven's Symphonies Critically Discussed
_h[electronic resource] /
_cAlexander Teetgen
260 _bProject Gutenberg,
_c2012
506 _aPublic domain in the USA.
516 _aElectronic text
830 0 _aProject Gutenberg
_v40849
856 4 0 _uhttp://www.gutenberg.org/ebooks/40849
942 _cEB
999 _c270101
_d270101